00512cam a22001097a 4500008003600000082001800036245009900054260004400153500009600197650004800293700006100341180718b xxu||||| |||| 00| 0 eng d aT19 Ec74/HIMA aEconomic survey, Himachal Pradeshcby Department of Economics and Statistics, Himachal Pradesh aSimlabGovernment of Himachal Pradeshc aContents: Library has 1971, 1977, 1975, 1980, 1983, 1989, 1990, 1996- 2006, 2009/10-2011/12 aEconomic surveys - India - Himachal Pradesh aHimachal Pradesh. Department of Economics and Statistics